Statistics for USA from A-Z

Click here to take the quiz!

General Stats

  • This quiz has been taken 48 times
  • The average score is 21 of 26

Answer Stats

HintAnswer% Correct
Home to the CowboysDallas
100%
Roughly 10% of Massachusetts lives hereBoston
98%
Capital of HawaiiHonolulu
98%
John ______ AdamsQuincy
98%
The name of one of the Great LakesMichigan
95%
City in Tennessee famous for musicNashville
95%
State that contains another state's name inside of itArkansas
93%
The last state alphabeticallyWyoming
93%
The large social media platform that recently changed its name that is based in San FranciscoX
93%
Idaho is famous for this cropPotato
91%
Amazon, Microsoft, and Starbucks are all based hereSeattle
91%
Maryland is famous for this type seafoodCrab
89%
The territory that makes up the majority of Alaska's border with CanadaYukon
89%
Major city on the Texas-Mexico borderEl Paso
86%
The US invaded this country in 2003Iraq
86%
George Washington's home is known as Mount _____Vernon
84%
The largest city in NebraskaOmaha
82%
Minneapolis and St. Paul are known together as what?Twin Cities
82%
Kennedy's Vice PresidentLyndon B. Johnson
75%
The largest city in North DakotaFargo
73%
The NBA team from UtahJazz
66%
Country that is the closest to HawaiiKiribati
64%
The sportswear company founded in 1996 in Washington DCUnder Armour
59%
President who was elected in 1848 and died 2 years laterZachary Taylor
55%
The US offered to buy this dependent territory in 1946Greenland
39%
Often considered the most forgotten presidentRutherford B. Hayes
39%

Score Distribution

Percentile by Number Answered

Percent of People with Each Score

Your Score History

You have not taken this quiz